| 000 | 00740nam a2200265Ia 4500 | ||
|---|---|---|---|
| 001 | dia_3178 | ||
| 003 | CHAP | ||
| 005 | 20230327101012.0 | ||
| 008 | 220117s2003 xx 000 0 und d | ||
| 010 | _a173676 | ||
| 020 | _a84-481-3596-2 | ||
| 040 | _cCHAP | ||
| 082 | _a628 C6Y | ||
| 100 |
_aCorbitt, Robert A. _927929 |
||
| 245 |
_aManual de Referencia de la Ingeniería Ambiental / _c Robert A. Corbitt |
||
| 260 |
_aMadrid : _b Mc graw-hill, _c2003 |
||
| 300 | _aVaría | ||
| 500 | _aI.221916 | ||
| 650 |
_a1.Ingeniería sanitaria/ _9154247 |
||
| 650 |
_aIngeniería ambiental _958207 |
||
| 901 | _a628 C6Y | ||
| 902 | _aM | ||
| 905 | _a0000002003 ESPX 0000000000ESP00 | ||
| 942 |
_cLIBRO _2ddc |
||
| 999 |
_c173676 _d173676 |
||